| 000 | 00618nam a2200217 a 4500 | ||
|---|---|---|---|
| 008 | |||
| 020 | _a030691656 (hbk.) | ||
| 049 | _aMAIN | ||
| 090 | _aQD261 | ||
| 245 | 1 | 0 |
_aAn introduction to modern experimental organic chemistry / _cRoyston M. Roberts. |
| 260 |
_aNew York : _bHolt, _c1969. |
||
| 300 |
_axii, 388p. : _bill. ; _c26 cm. |
||
| 500 | _aIncludes index. | ||
| 650 | 1 | _aOrganic chemistry. | |
| 700 | _aRoberts, Royston M. | ||
| 907 |
_a.b10178685 _b13-10-05 _c06-10-05 |
||
| 003 | |||
| 005 | 20230123134122.0 | ||
| 040 | _cNUST | ||
| 942 |
_cBOOKS _kQD261 |
||
| 999 |
_c160370 _d160370 |
||